| 000 | 00676nam a2200229 a 4500 | ||
|---|---|---|---|
| 005 | 20180803165042.0 | ||
| 008 | 160819b xxu||||| |||| 00| 0 spa d | ||
| 040 |
_aCO-BoIAVH _cCO-BoIAVH |
||
| 041 |
_aspa _heng |
||
| 090 |
_aRE _b00025 |
||
| 245 | _aLarousse diccionario general español/inglés, english/spanish | ||
| 260 |
_aMéxico _bEdiciones Larousse _c2001 |
||
| 300 | _a[980 p.] | ||
| 650 | _aDiccionarios | ||
| 650 | _aLengua inglesa | ||
| 650 | _aLengua española | ||
| 650 | _aGramática española | ||
| 650 | _aGramática inglesa | ||
| 700 | _aBlasco, Joaquín | ||
| 700 | _aet al. | ||
| 942 |
_cImpreso _2ddc |
||
| 999 |
_c2942 _d2942 |
||